01158 2200325 4500001002100000005001500021035002000036007000300056008004100059020002200100040002200122082001400144084001600158100003000174245017700204300002800381500009500409650001500504700002800519700003400547700003500581850001200616041001300628264003100641336002100672337003000693338002300723546006600746990002000812INLIS00000000086410020210825112222 a0010-0821000799ta210825s2007 jbi g ind d a978-979-16921-3-7 aYOPDYOGbinderda04223a154.7 a154.7 BAR p1 aBarron, David R.epenulis14aThe power of persuasion :bkekuatan hipnotis untuk hidup, cinta, dan bisnis /cDavid R. Barron, Danek S. Kaus; penerjemah, Ratih Purnamasari; penyunting, Meidiana Frikasari ax, 182 halaman ;c21 cm aJudul asli : Power persuasion: using hypnotic influence to win in life, love, and business 4aHipnotisme1 aKaus, Danek S.epenulis0 aRatih Purnamasariepenerjemah0 aMeidiana Frikasariepenyunting aYOPDYOG1 aindgeng31aBandung :bMomentum,c2007 2rdacontentateks 2rdamediaatanpa perantara 2rdacarrieravolume aTeks dalam bahasa Indonesia diterjemahkan dari bahasa inggris a67808-PD/A.2021